Sexuality and gender
Αποθηκεύτηκε σε:
| Άλλοι συγγραφείς: | , |
|---|---|
| Μορφή: | Βιβλίο |
| Γλώσσα: | English |
| Δημοσίευση: |
Malden, Mass. :
Blackwell,
2002
|
| Σειρά: | Blackwell readers in sociology ;
; 7 |
| Θέματα: | |
| Ετικέτες: |
Προσθήκη ετικέτας
Δεν υπάρχουν, Καταχωρήστε ετικέτα πρώτοι!
|
MARC
| LEADER | 00000nam a2200000 i 4500 | ||
|---|---|---|---|
| 001 | 1/77937 | ||
| 008 | 080320s2002 eng d | ||
| 020 | |a 0-631-22272-3 | ||
| 035 | |l 10095618 | ||
| 040 | |a GR-MY-UA |b gre |e aacr | ||
| 041 | 0 | |a eng | |
| 082 | 0 | |a 305.3 |2 (22) | |
| 245 | 1 | 0 | |a Sexuality and gender / |c edited by Christine L. Williams and Arlene Stein |
| 260 | |a Malden, Mass. : |b Blackwell, |c 2002 | ||
| 300 | |a xv, 488 σ.; |c 25 εκ. | ||
| 490 | 1 | |a Blackwell readers in sociology |v ; 7 | |
| 504 | |a Περιέχει βιβλιγραφικές παραπομπές και ευρετήριο | ||
| 650 | 0 | 0 | |a Sex role. |
| 650 | 0 | 0 | |a Sex (Psychology) |
| 650 | 0 | 0 | |a Gender identity. |
| 650 | 0 | 0 | |a Homosexuality. |
| 650 | 0 | 0 | |a Heterosexuality. |
| 700 | 1 | |a Williams, Christine L. |d 1959- |4 edt | |
| 700 | 1 | |a Stein, Arlene. |4 edt | |
| 830 | 0 | |a Blackwell readers in sociology ; |v ; 7 | |
| 852 | |a INST |b LESVOS |e 20080320 |h 305.3 SEX |p 005100039401 |q 005100039401 |t BK |y 0 | ||
| 901 | |a BIBL1-2008-1 | ||
| 909 | |a Λ |b 143142 | ||
| 922 | |a 1ΕΛΗ |b 200712 |c ΕΠΕΑΕΚ2/ΤΚΑ |d ΠΑΠΑΣΩΤΗΡΙΟΥ | ||
| 970 | |a ΚΑΡΑ |b ΓΙΑΣΕΜΗ |z 2008/03/20 | ||